000 00443cam a2200169 4500
001 545
003 OCoLC
005 20181127161631.0
008 041011t20031998nyu 000 1 eng d
020 _a0440225701 (pbk.)
043 _an-us-dc
100 1 _aGrisham, John.
245 1 4 _aThe street lawyer /
_cJohn Grisham.
260 _aNew York :
_bIsland Books,
_c1998.
300 _a452 p. ;
_c18 cm.
650 0 _aLawyers
_zWashington (D.C.)
_vFiction.
999 _c413
_d413